| 000 | 00784nam a2200241 u 4500 | ||
|---|---|---|---|
| 005 | 20231102063600.0 | ||
| 008 | 160229s2010 mx r 000 0 spa d | ||
| 020 | _a9786070302169 | ||
| 035 | _aUPN01000208553 | ||
| 049 | _aCG | ||
| 050 | 4 |
_aHC135 _bC6.74 2010 |
|
| 100 | 1 |
_aCordera, Rolando, _d1942- _931524 |
|
| 245 | 1 | 0 |
_aMéxico, la disputa por la nación : _bperspectivas y opciones del desarrollo / _cRolando Cordera y Carlos Tello. |
| 250 | _a2a ed. | ||
| 260 |
_aMéxico : _bSiglo XXI, _c2010. |
||
| 300 |
_a181 p. : _bgráfs., cuadros |
||
| 440 | 0 | _aSociología y política | |
| 651 | 4 |
_aMéxico _xPolítica económica _97138 |
|
| 651 | 4 |
_aMéxico _xPolítica social _96687 |
|
| 700 | 1 |
_aTello Díaz, Carlos, _d1962- _ecoaut. _932156 |
|
| 905 | _aLibro | ||
| 999 |
_c180654 _d180654 |
||